| 000 | 00535nam a2200181Ia 4500 | ||
|---|---|---|---|
| 008 | 090124s9999 xx 000 0 und d | ||
| 082 |
_b20432 _a1315 |
||
| 100 | _aवडेर ग. वि. | ||
| 245 | _a आदर्श भरतकला भाग 2 | ||
| 250 | _a4 | ||
| 260 | _c1971 | ||
| 300 | _a37 | ||
| 600 | _aवडेर ग. वि. | ||
| 630 | _a आदर्श भरतकला भाग 2 | ||
| 700 | _aवडेर ग. वि. | ||
| 730 | _a आदर्श भरतकला भाग 2 | ||
| 942 | _cBOOK | ||
| 999 |
_c134238 _d134238 |
||